000 00558nam a2200253Ia 4500
008 210210b1900 xxu||||| |||| 00| 0 eng d
041 _aeng
082 _a444/454
100 _aDE JULLEVILLE (Petit)
245 _aHistoire de la langue et de la litterature francaise Vol 8
260 _aParis
_b-
_c1900
440 _a8
650 _aVol
650 _alitterature
650 _alangue
650 _ala
650 _aHistoire
650 _afrancaise
650 _aet
650 _ade
650 _a8
690 _aFrench
906 _a006649
999 _c129639
_d129639